000 01576cam a22004814i 4500
003 PE-LiUPU
005 20250731173034.0
008 150623s r 000 0 d
020 _a1564761118
035 _a(Sirsi) i9781564761118
040 _aPE-LiUPU
_bspa
_cPE-LiUPU
_erda
049 _aPRUA
082 0 4 _a253
_bL82
_221
100 1 _aLondon, H. B.,
_eautor.
245 1 0 _aPastors at risk :
_bhelp for pastors, hope for the church /
_cH.B. London, Jr. and Neil B. Wiseman.
264 1 _aColorado Springs, CO :
_bChariot Victor Publishing,
_c1993.
300 _a240 páginas ;
_c24 centímetros
336 _atext
_2rdacontent
337 _aunmediated
_2rdamedia
338 _avolume
_2rdacarrier
504 _aIncluye bibliografía.
505 0 _aComprehending the risks. -Surviving the storm. -Renewing the pastor.
526 _aSEG42
526 _aSEG41
526 _aSEG40
526 _aSEG39
526 _aP94
526 _aP87
526 _aP86
526 _aP85
526 _aP77
526 _aP76
526 _aP35
650 0 4 _aPastores.
650 0 4 _aTeología Pastoral.
_91381
700 1 _aWiseman, Neil B.,
_eed.
942 _2ddc
_cBOOK
949 _a253 L82
_wDEWEY
_c1
_i48247
_lCCODEBUL1
_mBUL
_r0
_sY
_tBOOK
_u2015-6-24
_xTEOLOGIA
_PP35
_0COMPRA
_o.STAFF. Colección General
994 _aC0
_bPEPRU
596 _a1
999 _a253 L82
_wDEWEY
_c25439
_i48247
_f2021-11-10
_g5
_lCCODEBUL1
_mBUL
_r0
_sY
_tBOOK
_u2015-6-24
_xTEOLOGIA
_PP35
_0COMPRA
_o.STAFF. Colección General
_d25439
980 _81
_gALBERTO SANCHEZ Responsable de Automatización